00830nam a22002177a 450000500170000000800410001704000090005804100080006708200220007510000310009724501640012826000550029230000250034736500140037265000220038665000320040870000330044094200120047399900190048595201080050420220423121329.0220420b ||||| |||| 00| 0 eng d cAloy aeng 223a304.954bINDC aGovernment of India931341 aConference of state population commissions councils held on 25th september 2002 in New Delhi:bProceedings and an overview of the demographic scenario in India aNew DelhibNational Commission on Populationc2002 a275 p.bPBc24x18 cm 2Sociology aPopulation930661 aDemographic Scenario930662 aINDIA (Government of)930663 2ddccGF c222523d222523 00102ddc40708SOCaALbALd2013-03-24l0o304.954 INDCpGF00641r2022-04-20 00:00:00w2022-04-20yGF